TEAM EFFECTIVENESS IN COMPLEX ORGANIZATI (Record no. 18075)

MARC details
000 -LEADER
fixed length control field 00334nam a2200133Ia 4500
008 - FIXED-LENGTH DATA ELEMENTS--GENERAL INFORMATION
fixed length control field 240624s9999 xx 000 0 und d
041 ## - LANGUAGE CODE
Language code of text/sound track or separate title eng
082 ## - DEWEY DECIMAL CLASSIFICATION NUMBER
Classification number 658.4022 SAL
100 ## - MAIN ENTRY--PERSONAL NAME
Personal name SALAS EDUARDO
245 ## - TITLE STATEMENT
Title TEAM EFFECTIVENESS IN COMPLEX ORGANIZATI
260 ## - PUBLICATION, DISTRIBUTION, ETC.
Date of publication, distribution, etc. 2008
Name of publisher, distributor, etc. Routledge Academic
300 ## - PHYSICAL DESCRIPTION
Extent 624 : p.
365 ## - TRADE PRICE
Currency code BPS
Price amount 30
Holdings
Withdrawn status Lost status Damaged status Not for loan Home library Current library Shelving location Date acquired Source of acquisition Cost, normal purchase price Full call number Barcode Date last seen Copy number Price effective from Koha item type
        IMTN IMTN Rack 26-B 10/11/2011 IBH 60.00 658.4022 SAL 18075 06/24/2024 79.5 06/24/2024 Books
Designed & Maintained by: LRC IMT Nagpur Contact: lrc@imtnag.ac.in© 2024. All Rights Reserved.